Estudio de mercado para determinar la factibilidad del establecimiento de una empresa comercializadora de productos para electricistas y fontaneros en la zona metropolitana de Guadalajara /

Gorde:
Xehetasun bibliografikoak
Egile nagusia: Messina Baz, Jorge Francisco (autor)
Formatua: Tesis Liburua
Hizkuntza:gaztelania
Gaiak:
Etiketak: Etiketa erantsi
Etiketarik gabe, Izan zaitez lehena erregistro honi etiketa jartzen!

MARC

LEADER 00000nam^a2200000^a^4500
001 000110071
005 20250521000000.0
009 20260310093743.612
037 |a Acervo ITESO - Biblioteca 
041 |a ESP 
090 |a LAE. 453 
100 |a Messina Baz, Jorge Francisco  |e (autor) 
245 1 0 |a Estudio de mercado para determinar la factibilidad del establecimiento de una empresa comercializadora de productos para electricistas y fontaneros en la zona metropolitana de Guadalajara /  |c J.F. Messina Baz. 
264 |a Guadalajara, México :  |b edición de autor,  |c 2000 
300 |a 117 p. 
336 |a texto  |b txt  |2 rdacontenido 
337 |a sin mediación  |b n  |2 rdamedio 
338 |a volumen  |b nc  |2 rdasoporte 
502 |a ITESO Tesis de Licenciatura en Administración de Empresas 
649 |a XX 
650 |a Plomería -  |x Equipo y Aparatos 
650 |a Electricidad -  |x Equipo y Aparatos 
650 |a Comportamiento del Consumidor 
650 |a Investigación de Mercado 
650 |a Mercadotecnia 
650 |a Ciencias Administrativas 
910 |a Fondo General 
920 |a Impresos - Tesis del ITESO 
930 |a Colección General 
905 |a 104 
901 |a 0500046214  |b IT2  |c TSS  |u 20250521 
902 |a https://opac.biblio.iteso.mx/vufind/Record/000110071